| 000 | 02339nam a22003137a 4500 | ||
|---|---|---|---|
| 005 | 20110824113437.0 | ||
| 008 | 110824t xxu||||| |||| 00| 0 eng d | ||
| 010 | _aENG-103574-578 | ||
| 020 |
_a9788180386978 _c11975.00 (set of 5 vols.) |
||
| 035 | _aEN-87107-111 | ||
| 037 | _bDBAD/PUB | ||
| 040 |
_aDPL _bEng |
||
| 082 | _a343.5404 | ||
| 100 |
_aBhatnagar, K.B. _933517 |
||
| 245 |
_aDirect taxes digest (1922-2011) Supreme Court /High Courts & Tribunals (ITAT) arranged according to acts, sections and topics with important statutory reviews and judicial interpretations / _bby K.B. Bhatnagar |
||
| 250 | _a9th ed by M.K. Pithisaria [and] Mukesh Pithisaria | ||
| 260 |
_aGurgaon _bLexisNexis Butterworths _c2011 |
||
| 270 |
_a14th Floor, Building No. 10, Tower-B, DLF Cyber City, Phase-II _bGurgaon _e122002 |
||
| 300 |
_a5V.(cccxxxii,1571;ccxciii,1572-3177;ccci,3178-4724;ccxciv,4725-6322;cccvi,6323-7779)p. _c24cm (Hb) |
||
| 505 | _av.1-Income tax Act,1961 Ss.1 to 28 ; v.2-Income-tax Act, 1961 Ss. 29 to 59 ; v.3-Income -tax Act, 1961 Ss. 60 to 146 ; v.4-Income-tax Act, 1961 Ss. 147 to 255; v.5-Income-tax Act, 1961, Ss.256 to end, Wealth Tax Act, Expenditure Tax Act, Interest Tax Act | ||
| 700 |
_aPithisaria, M.K. _933518 |
||
| 700 |
_aPithisaria, Mukesh _933519 |
||
| 942 |
_2ddc _cEN _h343.5404 _mBHA |
||
| 999 |
_c55884 _d55884 |
||